[Event "Oberliga Ost-B 1415"]
[Site "Germany"]
[Date "2014.11.09"]
[Round "4.6"]
[White "Du Maire, Jerome"]
[Black "Schmidt, Lothar"]
[Result "1-0"]
[WhiteElo "2119"]
[BlackElo "2070"]
[PlyCount "79"]
[EventDate "2014.09.21"]
[EventType "team-tourn"]
[EventRounds "11"]
[EventCountry "GER"]
[SourceTitle "EXT 2016"]
[Source "ChessBase"]
[SourceDate "2015.10.08"]
[SourceVersion "1"]
[SourceVersionDate "2015.10.08"]
[SourceQuality "1"]
[WhiteTeam "Frankfurt BvK"]
[BlackTeam "Jena Schott"]
[WhiteTeamCountry "GER"]
[BlackTeamCountry "GER"]

1. d4 f5 2. g3 g6 3. Bg2 Bg7 4. Nf3 d6 5. b3 Nf6 6. 0-0 0-0 7. Bb2 c6 8. Nbd2 h6 9. c4 Na6 10. Qc2 Qe8 11. e4 fxe4 12. Nxe4 Nxe4 13. Qxe4 Bf5 14. Qe2 Qf7 15. Nh4 e6 16. g4 Rae8 17. gxf5 exf5 18. Qd2 g5 19. Nf3 g4 20. Ne1 f4 21. f3 g3 22. Nd3 Qh5 23. h3 Nc7 24. Rae1 Ne6 25. d5 Bxb2 26. Nxb2 cxd5 27. Qxd5 Rf5 28. Qxd6 Ng5 29. Rxe8+ Qxe8 30. Qxh6 Qe3+ 31. Kh1 Qe8 32. Na4 Nh7 33. Qd6 Qh5 34. Qd8+ Kg7 35. Re1 Rf6 36. Re7+ Rf7 37. Rxf7+ Qxf7 38. Qd4+ Kh6 39. Nc3 Qe8 40. Qxf4+ 1-0

[Event "Oberliga Ost-B 1314"]
[Site "Germany"]
[Date "2013.11.09"]
[Round "2.6"]
[White "Schmidt, Lothar"]
[Black "Schaefer, Michael"]
[Result "1/2-1/2"]
[WhiteElo "2068"]
[BlackElo "2151"]
[PlyCount "30"]
[EventDate "2013.10.13"]
[EventType "team-tourn"]
[EventRounds "11"]
[EventCountry "GER"]
[SourceTitle "EXT 2015"]
[Source "ChessBase"]
[SourceDate "2014.11.20"]
[SourceVersion "1"]
[SourceVersionDate "2014.11.20"]
[SourceQuality "1"]
[WhiteTeam "Jena"]
[BlackTeam "Moerlenbach"]
[WhiteTeamCountry "GER"]
[BlackTeamCountry "GER"]

1. d4 Nf6 2. Nf3 d5 3. Bf4 c5 4. e3 Nc6 5. c3 Qb6 6. Qb3 c4 7. Qxb6 axb6 8. Na3 Ra5 9. Bc7 Kd7 10. Bg3 Ne4 11. Nc2 Kd8 12. Ne5 Nxe5 13. dxe5 e6 14. f3 Nc5 15. a3 Bd7 1/2-1/2

[Event "Oberliga Ost-B 1112"]
[Site "Germany"]
[Date "2011.11.20"]
[Round "4.5"]
[White "Henrich, Thomas"]
[Black "Schmidt, Lothar"]
[Result "1-0"]
[WhiteElo "2222"]
[BlackElo "2075"]
[PlyCount "93"]
[EventDate "2011.10.02"]
[EventType "team-tourn"]
[EventRounds "11"]
[EventCountry "GER"]
[SourceTitle "EXT 2013"]
[Source "ChessBase"]
[SourceDate "2012.11.22"]
[SourceVersion "1"]
[SourceVersionDate "2012.11.22"]
[SourceQuality "1"]
[WhiteTeam "Giessen"]
[BlackTeam "Jena Schott"]
[WhiteTeamCountry "GER"]
[BlackTeamCountry "GER"]

1. e4 g6 2. d4 Bg7 3. Nc3 d6 4. Bg5 c5 5. dxc5 Bxc3+ 6. bxc3 dxc5 7. Qxd8+ Kxd8 8. Bc4 Ke8 9. Nf3 Nc6 10. 0-0-0 Be6 11. Bxe6 fxe6 12. e5 Rd8 13. h4 h6 14. Bf4 Rh7 15. h5 gxh5 16. Rxh5 Rxd1+ 17. Kxd1 b6 18. Ke2 Rf7 19. Ke3 Na5 20. Nd2 Rf5 21. g4 Rxh5 22. gxh5 Kd7 23. Kd3 Nc6 24. Nc4 Ke8 25. Ne3 Kf7 26. Ng4 Kg7 27. Be3 Na5 28. Bd2 Kh7 29. Ne3 Kg7 30. Ke4 Kf8 31. Ng4 Kg7 32. Kd3 Kh7 33. Bf4 Kg7 34. f3 Kh7 35. Ne3 Kg7 36. Nc4 Nc6 37. Na3 a6 38. Nc4 b5 39. Ne3 Kh7 40. Ng4 Nd8 41. Be3 Nb7 42. a3 a5 43. c4 b4 44. axb4 axb4 45. Nf2 Na5 46. Ne4 b3 47. cxb3 1-0

[Event "Oberliga Ost-B 1112"]
[Site "Germany"]
[Date "2011.10.23"]
[Round "3.4"]
[White "Schmidt, Lothar"]
[Black "Chandler, Patrick"]
[Result "1-0"]
[WhiteElo "2075"]
[BlackElo "2206"]
[PlyCount "91"]
[EventDate "2011.10.02"]
[EventType "team-tourn"]
[EventRounds "11"]
[EventCountry "GER"]
[SourceTitle "EXT 2013"]
[Source "ChessBase"]
[SourceDate "2012.11.22"]
[SourceVersion "1"]
[SourceVersionDate "2012.11.22"]
[SourceQuality "1"]
[WhiteTeam "Jena Schott"]
[BlackTeam "Neuberg"]
[WhiteTeamCountry "GER"]
[BlackTeamCountry "GER"]

1. d4 Nf6 2. Nf3 e6 3. Bf4 b6 4. Nbd2 Bb7 5. e3 Be7 6. h3 0-0 7. Bd3 d6 8. Bh2 Nc6 9. c3 Re8 10. Qc2 Bf8 11. 0-0-0 d5 12. Ne5 a6 13. g4 g6 14. f4 Nxe5 15. fxe5 Nd7 16. Nf3 c5 17. Qf2 Bg7 18. Rhf1 b5 19. Bg3 Rf8 20. Bh4 f6 21. Qh2 b4 22. cxb4 cxd4 23. exf6 Bxf6 24. Bxf6 Rxf6 25. exd4 Qb6 26. Qd2 Raf8 27. Be2 Bc6 28. Ng5 Bb5 29. Rxf6 Rxf6 30. Bxb5 axb5 31. Qe3 e5 32. Qb3 Qc6+ 33. Kb1 h6 34. Ne4 Rf4 35. Nc3 Nb6 36. dxe5 Rc4 37. Ne2 Qe6 38. Nd4 Qxe5 39. Nxb5 Qe4+ 40. Qd3 Rxb4 41. Nc3 Qxd3+ 42. Rxd3 Rf4 43. Nxd5 Rf1+ 44. Kc2 Nc4 45. Kb3 Ne5 46. Rc3 1-0

[Event "Oberliga Ost-A 1011"]
[Site "Germany"]
[Date "2011.04.09"]
[Round "10.7"]
[White "Mader, Joerg"]
[Black "Schmidt, Lothar"]
[Result "1/2-1/2"]
[WhiteElo "2054"]
[BlackElo "2089"]
[PlyCount "111"]
[EventDate "2010.10.24"]
[EventType "team-tourn"]
[EventRounds "11"]
[EventCountry "GER"]
[SourceTitle "EXT 2012"]
[Source "ChessBase"]
[SourceDate "2011.11.24"]
[SourceVersion "1"]
[SourceVersionDate "2011.11.24"]
[SourceQuality "1"]
[WhiteTeam "Leipzig VfB"]
[BlackTeam "Jena Schott"]
[WhiteTeamCountry "GER"]
[BlackTeamCountry "GER"]

1. d4 f5 2. c4 g6 3. g3 Nf6 4. Bg2 Bg7 5. Nc3 d6 6. Nf3 c6 7. 0-0 0-0 8. b4 a5 9. b5 c5 10. Bb2 Nbd7 11. Na4 Ne4 12. Nd2 Ndf6 13. f3 Nxd2 14. Qxd2 Qc7 15. f4 Bd7 16. dxc5 dxc5 17. Qe3 Ng4 18. Bd5+ e6 19. Bxe6+ Bxe6 20. Qxe6+ Rf7 21. Bxg7 Kxg7 22. Nb6 Re7 23. Nxa8 Qd8 24. Rad1 Qe8 25. Nc7 Rxe6 26. Nxe8+ Rxe8 27. Rd7+ Kh6 28. h3 Nf6 29. Rxb7 Rxe2 30. Rb1 Ne4 31. g4 fxg4 32. hxg4 Nd2 33. Rb3 Nxb3 34. axb3 Rb2 35. Ra7 Rxb3 36. Kf2 Rc3 37. b6 Rxc4 38. Kg3 Rc3+ 39. Kh4 g5+ 40. fxg5+ Kg6 41. Rxa5 Rb3 42. Ra6 c4 43. b7+ Kg7 44. Rc6 Rxb7 45. Rxc4 Rb3 46. Rc7+ Kg6 47. Rc6+ Kg7 48. g6 h6 49. g5 hxg5+ 50. Kh5 Rb7 51. Rc5 g4 52. Rg5 g3 53. Rxg3 Rb5+ 54. Rg5 Rxg5+ 55. Kxg5 Kg8 56. Kh6 1/2-1/2

[Event "GER-chT Seniors 19th"]
[Site "Eckernfoerde"]
[Date "2010.09.19"]
[Round "7.4"]
[White "Schmidt, Lothar"]
[Black "Bogorad, Michail"]
[Result "0-1"]
[WhiteElo "1943"]
[BlackElo "2133"]
[PlyCount "68"]
[EventDate "2010.09.13"]
[EventType "team-swiss"]
[EventRounds "7"]
[EventCountry "GER"]
[SourceTitle "EXT 2011"]
[Source "ChessBase"]
[SourceDate "2010.11.26"]
[SourceVersion "1"]
[SourceVersionDate "2010.11.26"]
[SourceQuality "1"]
[WhiteTeam "Thueringen"]
[BlackTeam "NRW II"]
[WhiteTeamCountry "GER"]
[BlackTeamCountry "GER"]

1. d4 c5 2. c3 cxd4 3. cxd4 Nf6 4. Nc3 g6 5. Nf3 Bg7 6. e4 d6 7. h3 0-0 8. Bc4 Nc6 9. Be3 Nxe4 10. Nxe4 d5 11. Bd3 dxe4 12. Bxe4 Qa5+ 13. Bd2 Qb6 14. Bc3 Rd8 15. d5 f5 16. Bc2 e6 17. 0-0 Rxd5 18. Qe2 Bxc3 19. bxc3 Qb2 20. Ng5 Qxc3 21. Bb3 Nd4 22. Qc4 Qxc4 23. Bxc4 Rc5 24. Rac1 h6 25. Rfd1 hxg5 26. Rxd4 Kg7 27. Rdd1 Kf6 28. Bb3 Rxc1 29. Rxc1 Bd7 30. Rc7 Bc6 31. Rh7 Rd8 32. f3 a5 33. Kf2 Rd2+ 34. Kf1 a4 0-1

[Event "GER-chT Seniors 19th"]
[Site "Eckernfoerde"]
[Date "2010.09.14"]
[Round "2.4"]
[White "Mueller, Rudolf"]
[Black "Schmidt, Lothar"]
[Result "1-0"]
[WhiteElo "2079"]
[BlackElo "1943"]
[PlyCount "45"]
[EventDate "2010.09.13"]
[EventType "team-swiss"]
[EventRounds "7"]
[EventCountry "GER"]
[SourceTitle "EXT 2011"]
[Source "ChessBase"]
[SourceDate "2010.11.26"]
[SourceVersion "1"]
[SourceVersionDate "2010.11.26"]
[SourceQuality "1"]
[WhiteTeam "Baden II"]
[BlackTeam "Thueringen"]
[WhiteTeamCountry "GER"]
[BlackTeamCountry "GER"]

1. e4 e6 2. d4 b6 3. Nf3 Bb7 4. Bd3 c5 5. c3 Nf6 6. Bg5 Be7 7. Bxf6 gxf6 8. Nbd2 Nc6 9. d5 Ne5 10. Nxe5 fxe5 11. c4 Qc7 12. Qh5 Bf6 13. 0-0-0 Ke7 14. g3 Rag8 15. Rhf1 Rg5 16. Qe2 Rhg8 17. f4 exf4 18. gxf4 Rg2 19. e5 Ke8 20. Qh5 Bh8 21. Bxh7 exd5 22. Bxg8 Rxg8 23. Nf3 1-0

[Event "Mecklenburg VP-ch Seniors op 09th"]
[Site "Binz"]
[Date "2009.12.09"]
[Round "9.15"]
[White "Perk, Egbert"]
[Black "Schmidt, Lothar"]
[Result "1-0"]
[WhiteElo "1826"]
[BlackElo "1947"]
[PlyCount "75"]
[EventDate "2009.12.01"]
[EventType "swiss"]
[EventRounds "9"]
[EventCountry "GER"]
[SourceTitle "EXT 2022"]
[Source "ChessBase"]
[SourceDate "2021.10.06"]
[SourceVersion "1"]
[SourceVersionDate "2021.10.06"]
[SourceQuality "1"]

1. Nf3 g6 2. d4 f5 3. g3 Bg7 4. Bg2 Nf6 5. 0-0 d6 6. Nc3 0-0 7. Re1 c6 8. e4 Nxe4 9. Nxe4 fxe4 10. Rxe4 Bf5 11. Re3 Bf6 12. Rb3 Qc7 13. Bh6 Re8 14. Bg5 Nd7 15. Qd2 Bxg5 16. Nxg5 e5 17. d5 Nf8 18. dxc6 b6 19. Bd5+ Kg7 20. Re1 Re7 21. Rbe3 Rae8 22. Qc3 h6 23. Nf3 Kh7 24. Nh4 Be6 25. Qd3 Kg7 26. c4 Bf7 27. Be4 Re6 28. Rf3 Qe7 29. Rd1 Rd8 30. Qa3 Qc7 31. Rfd3 Be8 32. Bd5 Rf6 33. Rf3 Rxf3 34. Qxf3 Rc8 35. Qg4 Bxc6 36. Nf5+ Kh7 37. Bxc6 Rd8 38. Bd5 1-0

[Event "Mecklenburg VP-ch Seniors op 09th"]
[Site "Binz"]
[Date "2009.12.03"]
[Round "3.19"]
[White "Fleischer, Matthias"]
[Black "Schmidt, Lothar"]
[Result "0-1"]
[WhiteElo "1761"]
[BlackElo "1947"]
[PlyCount "82"]
[EventDate "2009.12.01"]
[EventType "swiss"]
[EventRounds "9"]
[EventCountry "GER"]
[SourceTitle "EXT 2022"]
[Source "ChessBase"]
[SourceDate "2021.10.06"]
[SourceVersion "1"]
[SourceVersionDate "2021.10.06"]
[SourceQuality "1"]

1. e4 g6 2. d4 Bg7 3. Be3 d6 4. Nc3 e6 5. Nf3 a6 6. a4 h6 7. Bd3 Nd7 8. 0-0 g5 9. h3 Ne7 10. Qd2 Ng6 11. Rfe1 e5 12. Bc4 0-0 13. Ne2 Nf4 14. Ng3 Qf6 15. Nf5 Nb6 16. Bf1 Bxf5 17. Bxf4 gxf4 18. exf5 Qxf5 19. Bd3 Qh5 20. c4 Rfe8 21. a5 Nd7 22. Be4 Rab8 23. Qc2 Re7 24. Rad1 Kf8 25. b4 Nf6 26. Bf5 Rbe8 27. dxe5 dxe5 28. Be4 Nxe4 29. Qxe4 c6 30. Nd2 f5 31. Qf3 Qg5 32. Qa3 Bf6 33. Nf3 Qg6 34. b5 Kg8 35. Rd6 Rg7 36. Nh4 Qg5 37. Rxf6 Qxf6 38. bxc6 Qxh4 39. cxb7 e4 40. Qb3 Rxg2+ 41. Kxg2 f3+ 0-1

[Event "GER-chT Seniors 18th"]
[Site "Finsterbergen"]
[Date "2009.09.13"]
[Round "2"]
[White "Schmidt, Lothar"]
[Black "Vasiljev, Jurij"]
[Result "1-0"]
[WhiteElo "2087"]
[BlackElo "2080"]
[PlyCount "55"]
[EventDate "2009.09.12"]
[EventType "team-swiss"]
[EventRounds "7"]
[EventCountry "GER"]
[SourceTitle "CBM 132 Extra"]
[Source "ChessBase"]
[SourceDate "2009.11.03"]
[SourceVersion "1"]
[SourceVersionDate "2009.11.03"]
[SourceQuality "1"]

1. d4 Nf6 2. Nf3 d5 3. Bf4 e6 4. Nbd2 c5 5. e3 Nc6 6. c3 Bd7 7. Ne5 Be7 8. Bd3 0-0 9. h4 Ne8 10. Ndf3 f6 11. Bxh7+ Kxh7 12. Ng5+ fxg5 13. hxg5+ Kg8 14. Qh5 Nxe5 15. dxe5 Bxg5 16. Bxg5 Qb6 17. Qh7+ Kf7 18. Rh3 Qxb2 19. Rf3+ Nf6 20. Rxf6+ Ke8 21. Qg6+ Kd8 22. Rxf8+ Kc7 23. Rxa8 Qxa1+ 24. Ke2 Qxc3 25. Qxg7 d4 26. Qe7 Qc4+ 27. Kf3 Qa6 28. Rc8+ 1-0

[Event "Jena Schwarzer Baer op"]
[Site "Jena"]
[Date "2009.02.07"]
[Round "4"]
[White "Radovanovic, Jovica"]
[Black "Schmidt, Lothar"]
[Result "1-0"]
[WhiteElo "2345"]
[BlackElo "2082"]
[PlyCount "53"]
[EventDate "2009.02.04"]
[EventType "swiss"]
[EventRounds "7"]
[EventCountry "GER"]
[SourceTitle "EXT 2010"]
[Source "ChessBase"]
[SourceDate "2010.11.25"]
[SourceVersion "1"]
[SourceVersionDate "2010.11.25"]
[SourceQuality "1"]

1. e4 g6 2. d4 Bg7 3. Nf3 d6 4. c4 Nd7 5. Nc3 b6 6. Be2 Bb7 7. 0-0 h6 8. Re1 e5 9. Bf1 Ne7 10. Rb1 a5 11. Be3 g5 12. dxe5 Nxe5 13. Nd4 Bc8 14. Nd5 Bg4 15. f3 Bd7 16. Nb5 Nxd5 17. cxd5 0-0 18. Qc2 Rc8 19. Rbc1 f5 20. Na7 fxe4 21. Nxc8 exf3 22. Na7 Qf6 23. Nc6 Bf5 24. Qd2 fxg2 25. Bxg2 Nd3 26. Rf1 Qg6 27. Ne7+ 1-0

[Event "Jena Schwarzer Baer op"]
[Site "Jena"]
[Date "2009.02.07"]
[Round "5"]
[White "Schmidt, Lothar"]
[Black "Hahnewald, Uwe"]
[Result "1-0"]
[WhiteElo "2082"]
[BlackElo "1683"]
[PlyCount "43"]
[EventDate "2009.02.04"]
[EventType "swiss"]
[EventRounds "7"]
[EventCountry "GER"]
[SourceTitle "EXT 2010"]
[Source "ChessBase"]
[SourceDate "2010.11.25"]
[SourceVersion "1"]
[SourceVersionDate "2010.11.25"]
[SourceQuality "1"]

1. d4 Nf6 2. c4 e6 3. Nc3 d5 4. Bf4 Bd6 5. Bg3 c6 6. e3 0-0 7. c5 Be7 8. Bd3 Nbd7 9. Nf3 b6 10. b4 a5 11. a3 Bb7 12. h3 Qc8 13. 0-0 Ba6 14. Qe2 Bxd3 15. Qxd3 b5 16. Nd2 a4 17. e4 Nh5 18. Bh2 f5 19. Qe2 Qe8 20. exd5 exd5 21. Qe6+ Kh8 22. Qxc6 1-0

[Event "GER-chT Seniors 17th"]
[Site "Berlin"]
[Date "2008.08.31"]
[Round "1"]
[White "Schmidt, Lothar"]
[Black "Adibekian, Roubik"]
[Result "1-0"]
[WhiteElo "2073"]
[BlackElo "2232"]
[PlyCount "101"]
[EventDate "2008.08.31"]
[EventType "team-swiss"]
[EventRounds "7"]
[EventCountry "GER"]
[SourceTitle "CBM 126 Extra"]
[Source "ChessBase"]
[SourceDate "2008.11.05"]
[SourceVersion "1"]
[SourceVersionDate "2008.11.05"]
[SourceQuality "1"]

1. d4 Nf6 2. Nf3 d5 3. Bf4 e6 4. Nbd2 c5 5. e3 Nc6 6. c3 Be7 7. Bd3 Nh5 8. Bg3 Nxg3 9. hxg3 h6 10. Ne5 Nxe5 11. dxe5 c4 12. Bc2 Bd7 13. Qg4 Bf8 14. Nf3 Qc7 15. Qf4 Bc6 16. Nd4 Bd7 17. Nf3 Be7 18. 0-0-0 f5 19. exf6 Qxf4 20. Bg6+ Kf8 21. fxe7+ Kxe7 22. exf4 Kf6 23. Bc2 Rhb8 24. g4 b5 25. g5+ hxg5 26. fxg5+ Ke7 27. Rh7 Rg8 28. Ne5 Be8 29. f4 Kd6 30. Rdh1 Rd8 31. Rh8 Rxh8 32. Rxh8 Ke7 33. Rg8 d4 34. cxd4 Rxd4 35. g3 a5 36. Bg6 Bxg6 37. Rxg7+ Kf8 38. Rxg6 b4 39. Rxe6 c3 40. bxc3 bxc3 41. Kc2 Rd2+ 42. Kxc3 Rxa2 43. Kb3 Rg2 44. g4 Rg1 45. f5 Rb1+ 46. Kc2 Rb5 47. f6 Kg8 48. g6 Rb8 49. Re7 Rf8 50. Rg7+ Kh8 51. Nf7+ 1-0